000
00291nam a22001337a 4500
008
171019b xxu||||| |||| 00| 0 eng d
020
_a
0023948507
041
_a
eng
080
_a
338
100
_a
53
101
_a
MEN
245
_a
MANAGEMENT ECONOMICS
_c
PETERSON.H.C
942
_2
udc
_c
BK
999
_c
34936
_d
34936